Govt. of
Madhya Pradesh

A Textbook of Integral Calculus For JEE Main & Advanced (Record no. 48689)

MARC details
000 -LEADER
fixed length control field 003380000a22001450004500
003 - CONTROL NUMBER IDENTIFIER
control field MACL
040 ## - CATALOGING SOURCE
Original cataloging agency MACL
090 ## - LOCALLY ASSIGNED LC-TYPE CALL NUMBER (OCLC); LOCAL CALL NUMBER (RLIN)
-- 49210
-- 49208
100 ## - MAIN ENTRY--PERSONAL NAME
Personal name Agarwal.Amit
245 ## - TITLE STATEMENT
Title A Textbook of Integral Calculus For JEE Main & Advanced
260 ## - PUBLICATION, DISTRIBUTION, ETC. (IMPRINT)
Place of publication, distribution, etc. Meerut
Name of publisher, distributor, etc. Arihant Prakashan
Date of publication, distribution, etc. 2012
350 ## - PRICE (NR) (BK AM CF MU VM SE) [OBSOLETE]
Price 340
650 ## - SUBJECT ADDED ENTRY--TOPICAL TERM
Topical term or geographic name as entry element Math
942 ## - ADDED ENTRY ELEMENTS (KOHA)
Koha item type Library Membar
Call number prefix 510
Holdings
Withdrawn status Lost status Damaged status Not for loan Home library Current library Date acquired Total Checkouts Full call number Barcode Date last seen Uniform Resource Identifier Price effective from Koha item type
        MACL MACL     510 BOOK DPI028 29/04/2015 49494 15/04/2015 Books